000 00514nam a2200145Ia 4500
008 230917s9999||||xx |||||||||||||| ||und||
040 _e218894
_aMAIN
041 _aEnglish
082 _a891.43301731 SI24P:MK
100 _aमधुकान्त, सम्पा.
245 0 _aइन्द्रा स्वपन की प्रतिनिधि कहानियाँ
260 _aनई दिल्ली
_bनवशिला प्रकाशन
_c2014
300 _a143 पृ. p.
942 _cHN
999 _c134963
_d134963